Einstein : (Record no. 801)

000 -LEADER
fixed length control field 00570nam a2200217 a 4500
008 - FIXED-LENGTH DATA ELEMENTS--GENERAL INFORMATION
fixed length control field 191031s2011 xxu||||g||||| 00| 0beng d
020 ## - INTERNATIONAL STANDARD BOOK NUMBER
International Standard Book Number 9780062075468
Terms of availability Rs. 399.00
040 ## - CATALOGING SOURCE
Original cataloging agency IMU Kochi Library
Language of cataloging eng
041 0# - LANGUAGE CODE
Language code of text/sound track or separate title eng
044 ## - COUNTRY OF PUBLISHING/PRODUCING ENTITY CODE
MARC country code United States
082 04 - DEWEY DECIMAL CLASSIFICATION NUMBER
Edition number 23
Classification number 925.3
Item number C5471
100 1# - MAIN ENTRY--PERSONAL NAME
Personal name Clark, Ronald W.
245 10 - TITLE STATEMENT
Title Einstein :
Sub Title The Life and Times /
260 ## - PUBLICATION, DISTRIBUTION, ETC. (IMPRINT)
Place of publication, distribution, etc New York :
Name of publisher, distributor, etc Harper Collins Publishers ,
Date of publication, distribution, etc 2011
300 ## - PHYSICAL DESCRIPTION
Extent 878 p. ;
Dimensions 17 cm.
600 ## - SUBJECT ADDED ENTRY--PERSONAL NAME
Personal name Einstein, Albert
650 #0 - SUBJECT ADDED ENTRY--TOPICAL TERM
Topical term or geographic name as entry element Physicists
Form subdivision Biography
852 ## - LOCATION/CALL NUMBER
Location IMU Kochi Library
904 ## - LOCAL DATA ELEMENT D, LDD (RLIN)
CATALOGER Akhil Bose
942 ## - ADDED ENTRY ELEMENTS (KOHA)
Item type Books
Holdings
Withdrawn status Lost status Source of classification or shelving scheme Damaged status Not for loan Collection code Permanent location Current location Shelving location Date acquired Source of acquisition Cost, normal purchase price Total Checkouts Full call number Barcode Date last seen Date last borrowed Koha item type Public note
          Non-fiction IMU Kochi Library IMU Kochi Library Fiction & General 2014-12-03 M/s Current Books (Inv. No. 000983 dt. 2014-11-24) 399.00 4 925.3 C5471 BK001140 2026-02-06 2026-02-02 Books Shelf-19, Row-3


Copyright © All Rights Reserved by Indian Maritime University, Kochi Campus.
For any Suggestions/Query Contact to library or Email: library.kochi@imu.ac.in Ph:(0484)-2989402
(Web OPAC Designed by Rudra Ranjan. Maintained by IMU Kochi Library)

Powered by Koha